Criteria affecting the design and management of sports stadia (Record no. 28662)

MARC details
000 -LEADER
fixed length control field 00761cab a2200217 4500
001 - CONTROL NUMBER
control field ABS44052
008 - FIXED-LENGTH DATA ELEMENTS--GENERAL INFORMATION
fixed length control field 090401t xxu||||| |||| 00| 0 eng d
035 ## - SYSTEM CONTROL NUMBER
System control number (Sirsi) u45083
041 ## - LANGUAGE CODE
Language code of text/sound track or separate title eng
100 ## - MAIN ENTRY--PERSONAL NAME
Personal name Morris, A.
245 ## - TITLE STATEMENT
Title Criteria affecting the design and management of sports stadia
260 ## - PUBLICATION, DISTRIBUTION, ETC.
Date of publication, distribution, etc. 9(1) Winter 1990/91, 40-45(6)
350 ## - PRICE (NR) (BK AM CF MU VM SE) [OBSOLETE]
Price 0
490 ## - SERIES STATEMENT
Series statement Property Management
Volume/sequential designation 9(1) Winter 1990/91, 40-45(6)
520 ## - SUMMARY, ETC.
Summary, etc. Examines the criteria and legislation relating to the design and management of sports stadia both for football and other sports, considering refurbishment as well as new build.
650 ## - SUBJECT ADDED ENTRY--TOPICAL TERM
Topical term or geographic name entry element SAFETY
650 ## - SUBJECT ADDED ENTRY--TOPICAL TERM
Topical term or geographic name entry element SPORTS FACILITIES
690 ## - LOCAL SUBJECT ADDED ENTRY--TOPICAL TERM (OCLC, RLIN)
Topical term or geographic name as entry element BUILT ENVIRONMENT-CONSTRUCTION DESIGN
942 ## - ADDED ENTRY ELEMENTS (KOHA)
Suppress in OPAC 0
948 ## - LOCAL PROCESSING INFORMATION (OCLC); SERIES PART DESIGNATOR (RLIN)
c (OCLC) 04/03/1997
Holdings
Withdrawn status Lost status Source of classification or shelving scheme Damaged status Not for loan Home library Current library Shelving location Date acquired Total Checkouts Full call number Barcode Date last seen Copy number Price effective from Koha item type
    Dewey Decimal Classification     London London Journal article 14/09/1999   ABS44052 45083-1001 06/08/2019 1 06/08/2019 Journal article